01492nam a2200337 a 4500001001000000003000500010005001700015008004100032010001100073011001100084040000900095090001000104100003800114245017600152260004100328500006000369502008100429590004000510590004000550650002800590650003100618650002800649700004500677856011400722901000700836942001000843942000600853999001900859952014000878952013601018000111216CHAP20220329144202.0150120s2014 mx a |sm |||||||spa d a107678 a108650 cCHAP aTesis1 aMorales Zárate, Josué912904410aPrototipo de un sistema de riego por goteo para producción familiar usando energía solarh[En línea]cpor Josué Morales Zárate y Ángel Mauricio Solano Mellado. aChapingo, Méx. :bEl autor,c2014. aPara ver el contenido del material haga clic en la liga aTesis (Ing. Agr. Esp. en Irrigación) -- UACH. Departamento de Irrigación aE5652GLJb05c20150120lUCH01h1008 aE5652GLJb05c20150120lUCH01h112814aEnergía solar.93691114aHuertos familiares.95672614aRiego por goteo.9973801 aSolano Mellado, Ángel Mauricio9129046 aFinding aiduhttp://www.ceres.chapingo.mx:2048/login?url=http://10.13.5.2/tesis/sist111216.pdfzTeclea aquí aBK cTESIS n0 c107678d107678 00102local4053708TESISaBCbBCcPA_TESISd2015-01-20fTESISl0oTesisp33724002443777r2019-12-31 00:00:00tc.2w2019-12-31yTESIS 00104054718TESISaBCbBCd2015-01-20fTESISl0oTesisp33724002443819r2019-12-31 00:00:00w2019-12-31yTESISzRecien adquirido